|
|
|
|
| LEADER |
00000nab a2200000 a 4500 |
| 001 |
vtls001024660 |
| 003 |
SK-MaSNL |
| 005 |
20260303042127.0 |
| 008 |
040720e19961128xo 0 slo |
| 035 |
|
|
|a SL3221
|
| 040 |
|
|
|a SLLK
|b slo
|c SLLK
|e AACR2
|
| 041 |
0 |
|
|a slo
|
| 044 |
|
|
|a xo
|c SK
|
| 080 |
|
|
|a 796.355
|2 1981
|
| 100 |
0 |
|
|a (ľn)
|4 aut
|9 973407
|
| 245 |
1 |
0 |
|a S hattrickom R. Budaja
|b hokejová premiéra
|
| 610 |
2 |
7 |
|a Hokejový klub (Stará Ľubovňa, Slovensko)
|2 SLLK
|9 1027634
|
| 650 |
0 |
7 |
|a hokejbal
|2 SLLK
|9 19183
|
| 650 |
0 |
7 |
|a súťaže okresné
|2 SLLK
|9 880551
|
| 650 |
0 |
7 |
|a výsledky
|2 SLLK
|9 493505
|
| 655 |
|
7 |
|a periodikum
|2 snkbucl
|9 29553
|
| 710 |
2 |
|
|a Hokejový klub (Stará Ľubovňa, Slovensko)
|4 aut
|9 1027634
|
| 773 |
0 |
8 |
|t Ľubovnianske noviny
|g Roč. 22, č.48, 28.11.1996, s. 4
|
| 852 |
|
|
|a ZVYKNI
|b KIS3GCP
|
| 999 |
|
|
|c 1690613
|d 1692543
|